[Event "Kalamazoo Mini-Swiss.1"]
[Site "Kalamazoo, MI"]
[Date "1998.??.??"]
[Round "?"]
[White "Anderson, Gale"]
[Black "Grzegorczyk, Ron"]
[Result "1-0"]
[WhiteElo "1795"]
[BlackElo "1615"]
[PlyCount "132"]
[EventDate "1998.??.??"]

1. e4 c5 2. Nc3 Nc6 3. Nf3 e5 4. b3 Nf6 5. Bb2 d6 6. h3 a6 7. Be2 g6 8. O-O Bg7
9. a4 O-O 10. Re1 Be6 11. Ng5 Nd4 12. Bf1 Bd7 13. Bc4 b5 14. Bf1 Bh6 15. Nf3
Bc6 16. d3 b4 17. Nxd4 cxd4 18. Na2 a5 19. Bc1 Bg7 20. Be2 d5 21. Bf3 dxe4 22.
dxe4 Bd7 23. Bg5 Qc8 24. Nc1 Ra7 25. Nd3 Ne8 26. Be7 f6 27. Bxf8 Kxf8 28. Bg4
Bxg4 29. hxg4 Rc7 30. Ra2 Nd6 31. f3 Nf7 32. f4 Kg8 33. Rf1 g5 34. fxe5 fxe5
35. Nf2 Rc3 36. Nd3 Nh6 37. Qf3 Nxg4 38. Qf5 Ne3 39. Qxc8+ Rxc8 40. Rf2 g4 41.
Kh2 Nd1 42. Rd2 Nc3 43. Rb2 Bh6 44. Rf2 Nd1 45. Re2 Nxb2 46. Nxb2 Bf4+ 47. g3
Bh6 48. Nc4 Rc5 49. Rf2 Bg7 50. Rf5 h6 51. Kg2 Kh7 52. Rf7 Kg6 53. Rd7 h5 54.
Rd5 Rxd5 55. exd5 e4 56. Nxa5 d3 57. cxd3 exd3 58. Nc4 Kf7 59. Kf2 Bd4+ 60. Ke1
Bc3+ 61. Kf1 Ke8 62. a5 Kd7 63. Kf2 Kc7 64. Ke3 Be1 65. d6+ Kc6 66. a6 Bxg3 1-0

[Event "Kalamazoo Mini-Swiss.1"]
[Site "Kalamazoo, MI"]
[Date "1998.??.??"]
[Round "?"]
[White "Anderson, Gale"]
[Black "Fischvogt, Eric"]
[Result "0-1"]
[WhiteElo "1750"]
[BlackElo "2245"]
[PlyCount "50"]
[EventDate "1998.??.??"]

1. d4 d5 2. Nf3 e6 3. e3 c6 4. Be2 Bd6 5. Nbd2 f5 6. g3 Nf6 7. c4 O-O 8. Qc2
Ne4 9. b3 Nd7 10. Bb2 Ndf6 11. h3 Qc7 12. c5 Bxg3 13. Rf1 Bxf2+ 14. Kd1 Bxe3
15. Nxe4 Nxe4 16. Ne5 Qd8 17. Bf3 Qh4 18. Bxe4 dxe4 19. Qe2 Bf4 20. Kc2 Bxe5
21. dxe5 b6 22. Qe3 Ba6 23. Rf4 Bd3+ 24. Kc3 Qd8 25. Qd4 Qxd4+ 0-1

[Event "Kalamazoo Mini-Swiss.1"]
[Site "Kalamazoo, MI"]
[Date "1998.??.??"]
[Round "?"]
[White "Anderson, Gale"]
[Black "Evans Sr., Thomas"]
[Result "0-1"]
[WhiteElo "1780"]
[BlackElo "1850"]
[PlyCount "98"]
[EventDate "1998.??.??"]

1. e4 e5 2. Nc3 Nf6 3. Nf3 d6 4. Bc4 Be7 5. d4 exd4 6. Nxd4 O-O 7. Nf5 Nxe4 8.
Nxe7+ Qxe7 9. Be3 Nxc3 10. bxc3 Be6 11. Bd3 Nc6 12. Qh5 g6 13. Qh6 Qf6 14. Bd2
Qe5+ 15. Kd1 Qg7 16. Qh4 f5 17. a4 Qf6 18. Qxf6 Rxf6 19. Rb1 b6 20. Ba6 Re8 21.
f4 Nb8 22. Be2 Bd5 23. Rg1 Rfe6 24. Bd3 Nd7 25. a5 Nc5 26. axb6 axb6 27. g4
Nxd3 28. cxd3 fxg4 29. Kc2 Bf3 30. Rbe1 Kf7 31. Rxe6 Rxe6 32. Re1 Rxe1 33. Bxe1
Ke6 34. Kd2 h5 35. Bh4 c6 36. Ke3 b5 37. Bd8 c5 38. Ba5 Kf5 39. Bc7 Ke6 40. Ba5
Bb7 41. Bd8 b4 42. cxb4 cxb4 43. Ba5 b3 44. Bc3 Kf5 45. Bb2 h4 46. Bc1 g3 47.
hxg3 h3 48. g4+ Kxg4 49. f5 gxf5 0-1

[Event "Kalamazoo Mini-Swiss.1"]
[Site "Kalamazoo, MI"]
[Date "1998.??.??"]
[Round "?"]
[White "Anderson, Gale"]
[Black "Evans Sr., Thomas"]
[Result "0-1"]
[WhiteElo "1765"]
[BlackElo "1900"]
[PlyCount "110"]
[EventDate "1998.??.??"]

1. e4 e5 2. Nc3 Bc5 3. Nf3 Qe7 4. a3 c6 5. Na4 Bd6 6. c4 Nf6 7. Qc2 c5 8. Nc3
Nc6 9. d3 h6 10. Ne2 Bc7 11. Bd2 b6 12. g3 Nd4 13. Nexd4 exd4 14. Be2 Bb7 15.
Nh4 g6 16. f4 Nxe4 17. O-O Nxd2 18. Qxd2 O-O-O 19. b4 Rhe8 20. Rf2 Bd6 21. b5
Qe6 22. Bf3 Qe3 23. Qd1 Bxf3 24. Nxf3 g5 25. Raa2 Qe7 26. Rae2 Qf6 27. fxg5 Qg6
28. gxh6 Qxh6 29. Nh4 Qh5 30. Qf1 Re6 31. Nf5 Bf8 32. Qg2 Kc7 33. Rxe6 fxe6 34.
Nh4 Bh6 35. Qf3 Qe5 36. Re2 Be3+ 37. Kg2 Qg7 38. Qe4 Rf8 39. Nf3 Qf7 40. a4 Qf6
41. Ra2 Qf5 42. Qxf5 Rxf5 43. a5 Kb7 44. h4 bxa5 45. Rxa5 d5 46. Ra4 dxc4 47.
Rxc4 Kb6 48. Ra4 Rf7 49. Ra6+ Kxb5 50. Rxe6 a5 51. h5 a4 52. Re8 Ra7 53. Ne1 a3
54. Rb8+ Ka4 55. Nc2 a2 0-1

[Event "Kalamazoo Mini-Swiss.1"]
[Site "Kalamazoo, MI"]
[Date "1998.??.??"]
[Round "?"]
[White "Anderson, Gale"]
[Black "Estlick, Laurence"]
[Result "0-1"]
[WhiteElo "1795"]
[BlackElo "2015"]
[PlyCount "50"]
[EventDate "1998.??.??"]

1. e4 e6 2. d4 d5 3. Nc3 Nf6 4. Bg5 dxe4 5. Bxf6 Qxf6 6. Nxe4 Qd8 7. Ne2 b6 8.
Qd3 Be7 9. O-O-O O-O 10. h4 Bb7 11. Kb1 Nd7 12. f3 Nf6 13. Nf4 a5 14. g3 Qd7
15. Bg2 a4 16. Rhe1 b5 17. Bh3 Nxe4 18. fxe4 Qd6 19. Bg2 Rfd8 20. d5 e5 21. Nh3
b4 22. c4 bxc3 23. Qxc3 f6 24. Bf1 Qb6 25. Bc4 Bb4 0-1

[Event "Kalamazoo Mini-Swiss.2"]
[Site "Kalamazoo, MI"]
[Date "1998.??.??"]
[Round "?"]
[White "Amante, T."]
[Black "Vaughn, Gerald"]
[Result "0-1"]
[WhiteElo "1605"]
[BlackElo "1605"]
[PlyCount "101"]
[EventDate "1998.??.??"]

1. c4 e5 2. b3 Nf6 3. Nf3 Nc6 4. Bb2 d6 5. d4 exd4 6. Nxd4 Ne5 7. Nb5 Ng6 8.
Nd2 c6 9. Bxf6 gxf6 10. Nc3 c5 11. Nb5 a6 12. Nc3 f5 13. e3 Bg7 14. Rc1 Be6 15.
Be2 Ne5 16. Nf3 Qa5 17. Nd2 Nc6 18. Ndb1 O-O-O 19. O-O h6 20. Bf3 Ne5 21. Bd5
h5 22. f4 Ng4 23. Qf3 Nxe3 24. Bxe6+ fxe6 25. Qxe3 Bd4 26. Qxd4 cxd4 27. Na4
Rhg8 28. c5 Kb8 29. cxd6 Rxd6 30. Rc5 Qd8 31. Nd2 Rc6 32. Rxc6 bxc6 33. Nc4 Qd5
34. Rf2 d3 35. Nab6 Qd4 36. Ne5 Qa1+ 37. Rf1 Qxa2 38. g3 Qxb3 39. Nxc6+ Kc7 40.
Ne7 Qxb6+ 41. Kg2 Qb2+ 42. Rf2 Qb7+ 43. Kh3 Rd8 44. Rd2 Qb3 45. Ng6 Qc3 46. Rd1
Qc2 47. Re1 Rd6 48. Nf8 d2 49. Nxe6+ Rxe6 50. Rxe6 d1=Q 51. Kh4 0-1

[Event "Kalamazoo Mini-Swiss.3"]
[Site "Kalamazoo, MI"]
[Date "1998.??.??"]
[Round "?"]
[White "Amante, T."]
[Black "Babcock, John"]
[Result "1-0"]
[WhiteElo "1605"]
[BlackElo "1605"]
[PlyCount "81"]
[EventDate "1998.??.??"]

1. c4 Nf6 2. Nc3 g6 3. d4 e6 4. Nf3 c6 5. Bg5 Bg7 6. e4 Qa5 7. e5 Nh5 8. g4 Nf4
9. Bxf4 f6 10. Qa4 b6 11. Qxa5 bxa5 12. exf6 Bxf6 13. Bd6 Na6 14. g5 Bg7 15.
Ne5 Nb4 16. O-O-O Bb7 17. c5 Rc8 18. a3 Nd5 19. Nxd5 cxd5 20. Bb5 Bc6 21. Bxc6
dxc6 22. Rd3 Bf8 23. Bxf8 Rxf8 24. Rf3 Rxf3 25. Nxf3 Kd7 26. Ne5+ Kc7 27. f4 a4
28. Rf1 a5 29. h4 Rb8 30. Rf3 Rb3 31. Rxb3 axb3 32. a4 Kb7 33. Nd7 Kc7 34. Nf8
Kd8 35. Nxh7 Ke7 36. Nf6 Kd8 37. Kd2 Ke7 38. Kc3 Kd8 39. Kxb3 Ke7 40. Kc3 Kd8
41. b4 1-0

[Event "Kalamazoo Mini-Swiss.2"]
[Site "Kalamazoo, MI"]
[Date "1998.??.??"]
[Round "?"]
[White "Amante, T."]
[Black "Anthony, James"]
[Result "0-1"]
[WhiteElo "1605"]
[BlackElo "1605"]
[PlyCount "86"]
[EventDate "1998.??.??"]

1. c4 e5 2. Nc3 c6 3. Nf3 d6 4. e3 Nf6 5. d4 Nbd7 6. dxe5 dxe5 7. Bd3 Bb4 8.
Qc2 h6 9. O-O O-O 10. Ne4 Re8 11. a3 Bf8 12. Rb1 Qc7 13. b3 Nxe4 14. Bxe4 Nf6
15. Bb2 Nxe4 16. Qxe4 f5 17. Qh4 Be7 18. Bxe5 Qxe5 19. Nxe5 Bxh4 20. Ng6 Bf6
21. Rbd1 Kh7 22. Nf4 Be6 23. Rd6 Bc8 24. Nh5 Be7 25. Rd4 Bxa3 26. Rb1 Bc5 27.
Rf4 Bd6 28. Rd4 Be5 29. Rd3 Be6 30. f4 Bc7 31. Kf2 Rad8 32. Rc3 Rd2+ 33. Kf3
Kg6 34. Ng3 Red8 35. Ne2 R8d7 36. Nd4 Kf6 37. h3 a6 38. c5 Bd5+ 39. Kg3 g5 40.
b4 gxf4+ 41. exf4 Rg7+ 42. Kh4 Bxf4 43. Rf1 Bg5+ 0-1

[Event "Kalamazoo Mini-Swiss.2"]
[Site "Kalamazoo, MI"]
[Date "1998.??.??"]
[Round "?"]
[White "Amante, T."]
[Black "Amante, Anthony"]
[Result "0-1"]
[WhiteElo "1605"]
[BlackElo "1605"]
[PlyCount "92"]
[EventDate "1998.??.??"]

1. c4 c5 2. Nc3 Nc6 3. e3 g6 4. b3 Bg7 5. Bb2 d6 6. Bd3 e6 7. Nge2 Nge7 8. a3
b6 9. Qc2 Bb7 10. Ne4 Ne5 11. O-O Nxd3 12. Bxg7 Bxe4 13. Bxh8 Nxf2 14. Qc3 Nd3
15. Ng3 f5 16. Nxe4 fxe4 17. Bf6 e5 18. Bg7 Nf5 19. Rxf5 gxf5 20. Rf1 Qg5 21.
Bxe5 Nxe5 22. d4 Nf7 23. dxc5 bxc5 24. Rf4 Ke7 25. b4 Rg8 26. Qb2 Qf6 27. Qf2
Qa1+ 28. Qf1 Qxf1+ 29. Kxf1 Ke6 30. b5 Ne5 31. Rh4 Rg7 32. Rh6+ Ke7 33. Rh5 Rf7
34. a4 Nxc4 35. Ke2 Kd7 36. Rg5 Kc7 37. g4 fxg4 38. Rxg4 Re7 39. h4 Kb6 40. h5
Ne5 41. Rxe4 Rg7 42. Kf2 a6 43. bxa6 Kxa6 44. Rh4 Rg4 45. Rxg4 Nxg4+ 46. Kf3
Ne5+ 0-1

[Event "Kalamazoo Mini-Swiss.3"]
[Site "Kalamazoo, MI"]
[Date "1998.??.??"]
[Round "?"]
[White "Amante, Anthony"]
[Black "Varner, Bill"]
[Result "1-0"]
[WhiteElo "1605"]
[BlackElo "1605"]
[PlyCount "53"]
[EventDate "1998.??.??"]

1. d4 d5 2. c3 Nf6 3. Bg5 h6 4. Bh4 Nc6 5. e3 e5 6. Bxf6 Qxf6 7. dxe5 Qxe5 8.
Nf3 Qe4 9. Nbd2 Qe7 10. Qb3 Be6 11. Qxb7 Rb8 12. Qxc6+ Qd7 13. Qxd7+ Bxd7 14.
Nb3 Bd6 15. Bd3 c5 16. c4 Ba4 17. Nfd2 d4 18. exd4 cxd4 19. O-O O-O 20. c5 Bf4
21. Rab1 Rbc8 22. Rfe1 Bxd2 23. Nxd2 Rxc5 24. b3 Bb5 25. Nc4 a6 26. Re7 Rf5 27.
Bxf5 1-0

[Event "Kalamazoo Mini-Swiss.3"]
[Site "Kalamazoo, MI"]
[Date "1998.??.??"]
[Round "?"]
[White "Amante, Anthony"]
[Black "Russell, Scott"]
[Result "1-0"]
[WhiteElo "1605"]
[BlackElo "1605"]
[PlyCount "83"]
[EventDate "1998.??.??"]

1. d4 d5 2. e3 c6 3. Bd3 g6 4. c4 Nf6 5. Nc3 Bg7 6. Nf3 O-O 7. O-O Bg4 8. Be2
dxc4 9. Bxc4 b5 10. Be2 b4 11. Na4 Nd5 12. Nc5 Nd7 13. Nxd7 Bxf3 14. Nxf8 Bxe2
15. Qxe2 Bxf8 16. Bd2 a5 17. Rfc1 Qc7 18. Rc2 e6 19. Rac1 Ra6 20. Qxa6 Qb8 21.
Rxc6 Nf6 22. Rc8 Qxc8 23. Qxc8 Kg7 24. b3 Ne4 25. Be1 Nd6 26. Qa6 Be7 27. Qxa5
Bf8 28. Bxb4 Kh6 29. Bxd6 Bxd6 30. b4 e5 31. b5 exd4 32. exd4 f5 33. b6 f4 34.
Rc6 Bf8 35. b7 f3 36. b8=Q Be7 37. Qbb5 fxg2 38. Qh5+ Kg7 39. Qae5+ Kg8 40.
Qe6+ Kf8 41. Rc8+ Kg7 42. Qxe7# 1-0

[Event "Kalamazoo Mini-Swiss.2"]
[Site "Kalamazoo, MI"]
[Date "1998.??.??"]
[Round "?"]
[White "Amante, Anthony"]
[Black "Russell, Scott"]
[Result "0-1"]
[WhiteElo "1605"]
[BlackElo "1605"]
[PlyCount "60"]
[EventDate "1998.??.??"]

1. d4 d5 2. Nf3 e6 3. e3 c5 4. c3 cxd4 5. exd4 Bd6 6. Bd3 Nf6 7. Bg5 Nbd7 8.
O-O O-O 9. Re1 Qc7 10. Nbd2 Re8 11. Qc2 e5 12. dxe5 Bxe5 13. Nxe5 Rxe5 14. Nf3
Re6 15. Bxf6 Nxf6 16. Ng5 Rxe1+ 17. Rxe1 g6 18. Nf3 Bg4 19. Nd4 Bd7 20. f3 Nh5
21. Bb5 Bxb5 22. Nxb5 Qb6+ 23. Nd4 Ng7 24. Kh1 Rc8 25. Qb3 Qxb3 26. Nxb3 Ne6
27. g3 b6 28. Kg2 Re8 29. Nd4 Nf4+ 30. Kf2 Nd3+ 0-1

[Event "Kalamazoo Mini-Swiss.2"]
[Site "Kalamazoo, MI"]
[Date "1998.??.??"]
[Round "?"]
[White "Amante, Anthony"]
[Black "Krzyston, Joe"]
[Result "1-0"]
[WhiteElo "1605"]
[BlackElo "1605"]
[PlyCount "71"]
[EventDate "1998.??.??"]

1. d4 h6 2. Nf3 g5 3. e3 Bg7 4. Bd3 c5 5. c3 Nf6 6. Nbd2 cxd4 7. exd4 O-O 8.
Ne4 Nxe4 9. Bxe4 d5 10. Bc2 Nc6 11. Qd3 f5 12. Bd2 e6 13. O-O-O Na5 14. g4 Bd7
15. h4 a6 16. hxg5 Bb5 17. Qe3 Nc4 18. Qxe6+ Rf7 19. g6 Be8 20. gxf7+ Bxf7 21.
Qxf5 Qb6 22. Bb3 Bg6 23. Qxd5+ Bf7 24. Qc5 Qf6 25. Bxc4 Bxc4 26. Qxc4+ Kh7 27.
Qd3+ Kg8 28. Qf5 Qc6 29. Ne5 Qf6 30. Qxf6 Bxf6 31. Rxh6 Bg7 32. Rg6 Rf8 33. Bh6
Kh7 34. Bxg7 Rxf2 35. Rh1+ Kg8 36. Rh8# 1-0

[Event "Kalamazoo Mini-Swiss.2"]
[Site "Kalamazoo, MI"]
[Date "1998.??.??"]
[Round "?"]
[White "Amante, Anthony"]
[Black "Babcock, John"]
[Result "1-0"]
[WhiteElo "1605"]
[BlackElo "1605"]
[PlyCount "77"]
[EventDate "1998.??.??"]

1. d4 Nf6 2. Bg5 d5 3. Bxf6 exf6 4. e3 Be7 5. c4 c6 6. c5 b6 7. b4 b5 8. Bd3 f5
9. Ne2 Bg5 10. g3 Na6 11. a3 O-O 12. Qc2 g6 13. Nd2 Re8 14. Nf3 Bf6 15. h4 h5
16. Kd2 Nc7 17. Neg1 Ne6 18. Nh3 Kf8 19. a4 Bd7 20. axb5 cxb5 21. Ra5 a6 22.
Rha1 Qc8 23. Nf4 Nxf4 24. gxf4 Bc6 25. Qa2 Bb7 26. Bc2 Qc6 27. Bb3 Red8 28. Qb1
Re8 29. Qh1 Qe6 30. Re1 Qc6 31. Ng1 Rad8 32. Ne2 Qc7 33. Nc3 Qe7 34. Bxd5 Bc8
35. Bc6 Bd7 36. Bxd7 Rxd7 37. Nd5 Qe6 38. Nxf6 Qxf6 39. Rea1 {[Remainder
illegible]} 1-0

[Event "Michigan Amateur"]
[Site "Kalamazoo "]
[Date "1998.??.??"]
[Round "?"]
[White "Aldrich, Justin"]
[Black "Shelton, Harold"]
[Result "1-0"]
[WhiteElo "1605"]
[BlackElo "1605"]
[PlyCount "83"]
[EventDate "1998.07.??"]

{7/19} 1. e4 e5 2. Nf3 Nc6 3. Nc3 Be7 4. Bc4 Nf6 5. a3 O-O 6. d3 d6 7. h3 a6 8.
O-O b5 9. Ba2 Bb7 10. Nh2 Nd4 11. f4 exf4 12. Bxf4 a5 13. Be3 c5 14. Bxd4 cxd4
15. Nxb5 Qb6 16. a4 Bc6 17. Bc4 d5 18. exd5 Nxd5 19. Nf3 Ne3 20. Qe2 Nxf1 21.
Qxe7 Bxf3 22. Rxf1 Rae8 23. Bxf7+ Kh8 24. Bxe8 Qf6 25. Qxf6 Rxf6 26. Rxf3 Rxf3
27. gxf3 g5 28. Nxd4 Kg7 29. c4 Kf6 30. c5 Ke7 31. Bb5 h5 32. c6 Kd8 33. Ne6+
Ke7 34. c7 h4 35. c8=Q g4 36. Qd7+ Kf6 37. Nd4 g3 38. Qe6+ Kg7 39. Qf5 g2 40.
Ne6+ Kh8 41. Qf8+ Kh7 42. Qg7# 1-0

[Event "Michigan Amateur"]
[Site "Kalamazoo "]
[Date "1998.??.??"]
[Round "?"]
[White "Aldrich, Justin"]
[Black "Russell, Scott"]
[Result "0-1"]
[WhiteElo "1605"]
[BlackElo "1605"]
[PlyCount "98"]
[EventDate "1998.07.??"]

{7/18} 1. e4 d5 2. exd5 Nf6 3. Nf3 e6 4. dxe6 Bxe6 5. d3 Nbd7 6. Nc3 Qe7 7. Be2
O-O-O 8. Bf4 Nd5 9. Nxd5 Bxd5 10. O-O f6 11. Re1 g5 12. Bg3 f5 13. h3 h5 14.
Nd4 Qf6 15. c3 f4 16. Bh2 g4 17. h4 Bd6 18. Nb5 f3 19. Nxd6+ cxd6 20. Bf1 fxg2
21. Bxg2 Bxg2 22. Kxg2 Qxh4 23. Qa4 Qh3+ 24. Kg1 g3 25. Bxg3 Rhg8 26. Qc4+ Kb8
27. Re4 Ne5 28. Rxe5 dxe5 29. Re1 h4 30. Rxe5 hxg3 31. Qf4 gxf2+ 32. Kxf2 Rg2+
33. Ke1 Qh1+ 34. Qf1 Rg1 35. Rf5 Re8+ 36. Kd2 Rxf1 37. Rxf1 Qxf1 38. Kc2 Re2+
39. Kb3 Qf7+ 40. Ka3 b5 41. b3 a5 42. d4 b4+ 43. cxb4 axb4+ 44. Kxb4 Qe7+ 45.
Kc3 Qc7+ 46. Kb4 Re4 47. Ka3 Qa5+ 48. Kb2 Re2+ 49. Kc1 Qe1# 0-1

[Event "Michigan Amateur"]
[Site "Kalamazoo "]
[Date "1998.??.??"]
[Round "?"]
[White "Aldrich, Justin"]
[Black "Moore, B."]
[Result "1-0"]
[WhiteElo "1605"]
[BlackElo "1605"]
[PlyCount "83"]
[EventDate "1998.07.??"]

{7/18} 1. e4 e6 2. d4 d5 3. e5 c5 4. c3 Nc6 5. Be3 Qb6 6. Qd2 Nge7 7. dxc5 Qc7
8. Nf3 Nxe5 9. Nxe5 Qxe5 10. Be2 Qc7 11. O-O Nf5 12. Bd4 Bxc5 13. Bb5+ Bd7 14.
Bxd7+ Kxd7 15. Bxc5 Qxc5 16. Qe2 g6 17. Nd2 Rhe8 18. Rad1 Ke7 19. Rfe1 Rad8 20.
Qg4 a5 21. Qg5+ Kf8 22. Qf6 h6 23. Nf3 Ng7 24. Ne5 Kg8 25. Qxf7+ Kh8 26. Qxg6
Rf8 27. Qxh6+ Kg8 28. Re3 d4 29. cxd4 Rxd4 30. Rf1 Rf5 31. Nf3 Rh5 32. Qf6 Rc4
33. Qd8+ Kh7 34. Qd7 Rd5 35. Qxb7 Rc1 36. Ree1 Rc2 37. Rxe6 Rxf2 38. Rxf2 Rd1+
39. Re1 Rxe1+ 40. Nxe1 Qc1 41. Qe4+ Kg8 42. Rc2 1-0

[Event "Michigan Open Reserve"]
[Site "Flint, MI"]
[Date "1998.??.??"]
[Round "?"]
[White "Aldrich, Justin"]
[Black "Mohammed, Azziem"]
[Result "0-1"]
[WhiteElo "1605"]
[BlackElo "1770"]
[PlyCount "74"]
[EventDate "1998.09.??"]

1. e4 c5 2. Nf3 Nc6 3. c3 d5 4. exd5 Qxd5 5. Be2 Nf6 6. c4 Qd8 7. d3 e6 8. Nc3
a6 9. O-O Bd6 10. h3 h6 11. Be3 Bd7 12. Na4 Qa5 13. Qb3 Nb4 14. a3 Nxd3 15.
Qxd3 Qc7 16. Nc3 Bc6 17. Rad1 O-O-O 18. Qc2 g5 19. b4 cxb4 20. axb4 g4 21. c5
gxf3 22. cxd6 Rxd6 23. Bxf3 Bxf3 24. gxf3 Rg8+ 25. Kh1 Nd5 26. Nxd5 Qxc2 27.
Rc1 exd5 28. Rxc2+ Kd7 29. Bf4 Rc6 30. Rd2 Rc4 31. Rxd5+ Ke6 32. Rd6+ Kf5 33.
Bg3 Rxb4 34. Rfd1 Re8 35. R6d5+ Kg6 36. f4 Re7 37. f5+ Kf6 $138 0-1

[Event "Michigan Open Reserve"]
[Site "Flint, MI"]
[Date "1998.??.??"]
[Round "?"]
[White "Aldrich, Justin"]
[Black "June, Brian"]
[Result "1-0"]
[WhiteElo "1605"]
[BlackElo "1775"]
[PlyCount "101"]
[EventDate "1998.09.??"]

1. e4 c5 2. Nf3 Nc6 3. c3 g6 4. d4 cxd4 5. cxd4 Bg7 6. Nc3 d6 7. Be3 Nf6 8. Bb5
O-O 9. h3 a6 10. Ba4 b5 11. Bc2 b4 12. Ne2 Bb7 13. Ng3 Rc8 14. O-O Nd7 15. Rc1
Qa5 16. Qd2 Qd8 17. Bh6 a5 18. Bxg7 Kxg7 19. Qg5 e5 20. Nf5+ Kh8 21. Nxd6 Qxg5
22. Nxg5 Nxd4 23. Bd3 Nc5 24. Ngxf7+ Kg7 25. Nxe5 Nxd3 26. Rxc8 Rxc8 27. Nxd3
Rc7 28. Nxb7 Rxb7 29. Kh2 Rc7 30. Rc1 Rxc1 31. Nxc1 a4 32. b3 a3 33. Nd3 Nxb3
34. Nxb4 Nd4 35. Kg3 Kf6 36. Kf4 g5+ 37. Ke3 Nb5 38. f3 Ke6 39. Kd3 Nc7 40. Nc2
Kd6 41. Nxa3 Kc5 42. Nc2 Ne6 43. g3 h5 44. a3 h4 45. gxh4 gxh4 46. Ke3 Ng5 47.
f4 Nxh3 48. Ne1 Ng1 49. Nf3 h3 50. Nh2 Kc4 51. f5 1-0

[Event "Michigan Class C"]
[Site "Grand Rapids, MI"]
[Date "1998.??.??"]
[Round "?"]
[White "Aldrich, Justin"]
[Black "Hernquist, D."]
[Result "1-0"]
[WhiteElo "1605"]
[BlackElo "1605"]
[PlyCount "51"]
[EventDate "1998.01.??"]

1. e4 e5 2. Nf3 Nc6 3. Bc4 Bc5 4. d3 Nf6 5. Bg5 b6 6. a3 Bb7 7. Nc3 h6 8. Bh4
g5 9. Bg3 Qe7 10. Nd5 Nxd5 11. Bxd5 Bd6 12. Qd2 f6 13. Qe3 Nd4 14. Nxd4 Bxd5
15. Nf5 Qh7 16. Nxd6+ cxd6 17. exd5 b5 18. Qe4 f5 19. Qb4 f4 20. Qxd6 Kd8 21.
O-O fxg3 22. fxg3 Qe7 23. Qf6 Rh7 24. Qf8+ Qe8 25. Qc5 a6 26. Rf8 1-0

[Event "Michigan Class C"]
[Site "Grand Rapids, MI"]
[Date "1998.??.??"]
[Round "?"]
[White "Aldrich, Justin"]
[Black "Foord, Allan"]
[Result "1-0"]
[WhiteElo "1605"]
[BlackElo "1605"]
[PlyCount "99"]
[EventDate "1998.01.??"]

1. e4 c5 2. Nf3 d6 3. Bb5+ Bd7 4. Bxd7+ Nxd7 5. O-O Ngf6 6. Re1 e6 7. c3 Be7 8.
d4 cxd4 9. cxd4 O-O 10. Nc3 a6 11. h3 Rc8 12. Nh2 b5 13. a3 Re8 14. Ng4 Rc4 15.
Be3 Qc7 16. Nxf6+ Nxf6 17. f4 Rc8 18. e5 dxe5 19. fxe5 Nd7 20. Rf1 Qc6 21. Rf3
Nb6 22. Rg3 Nd5 23. Qg4 g6 24. Bd2 Nxc3 25. bxc3 Ra4 26. Qf4 Rxa3 27. Rxa3 Bxa3
28. Qf6 Bf8 29. Rf3 Qb7 30. h4 Qe7 31. Qf4 a5 32. Qe4 a4 33. Rf1 Qc7 34. h5 Qc6
35. Qf4 Rc7 36. hxg6 hxg6 37. Kf2 Bg7 38. Qh4 Qd5 39. Rh1 Kf8 40. Rb1 Bxe5 41.
Qg5 Bg7 42. Rxb5 Qxg5 43. Rxg5 Bh6 44. Rc5 Rxc5 45. Bxh6+ Ke7 46. dxc5 a3 47.
Bc1 a2 48. Bb2 e5 49. Ke3 f5 50. Kd3 {[Remainder unavailable]} 1-0

[Event "Michigan Open"]
[Site "Flint, MI"]
[Date "1998.??.??"]
[Round "?"]
[White "Aldrich, Jeff"]
[Black "Vandivier, Don"]
[Result "0-1"]
[WhiteElo "2010"]
[BlackElo "1880"]
[PlyCount "68"]
[EventDate "1998.09.??"]

{9/7} 1. d4 Nf6 2. c4 e5 3. dxe5 Ng4 4. Bf4 Nc6 5. Nf3 Bb4+ 6. Nbd2 f6 7. exf6
Qxf6 8. e3 Qxb2 9. Bd3 Nge5 10. O-O Nxd3 11. Ne4 Nxf4 12. exf4 Be7 13. Re1 O-O
14. Re2 Qb4 15. Qd5+ Kh8 16. Neg5 Bxg5 17. Nxg5 g6 18. Rae1 d6 19. Nxh7 Kxh7
20. Re7+ Kh8 21. R7e3 Qc5 22. Qf3 Qxc4 23. Re4 Qf7 24. g4 Kg7 25. Kh1 Bd7 26.
f5 Rae8 27. g5 Bxf5 28. Qc3+ Kg8 29. Rh4 Rxe1+ 30. Qxe1 Re8 31. Qc3 Qd5+ 32. f3
Qd1+ 33. Kg2 Qe2+ 34. Kg3 Qe1+ 0-1

[Event "Michigan Open"]
[Site "Flint, MI"]
[Date "1998.??.??"]
[Round "?"]
[White "Aldrich, Jeff"]
[Black "Smalec, John"]
[Result "0-1"]
[WhiteElo "2010"]
[BlackElo "1605"]
[PlyCount "34"]
[EventDate "1998.09.??"]

{9/4} 1. d4 Nf6 2. c4 c5 3. d5 b5 4. cxb5 a6 5. bxa6 Bxa6 6. Nc3 g6 7. g3 Bg7
8. Bg2 O-O 9. Nf3 d6 10. O-O Nbd7 11. a4 Qb6 12. Rb1 Rfb8 13. Qc2 Qb3 14. Qd2
Nb6 15. Rd1 Nxa4 16. Nxa4 Qxa4 17. Qe3 Qxd1+ 0-1

[Event "Michigan Open"]
[Site "Flint, MI"]
[Date "1998.??.??"]
[Round "?"]
[White "Aldrich, Jeff"]
[Black "O'Donnell, Robert"]
[Result "0-1"]
[WhiteElo "2010"]
[BlackElo "2200"]
[PlyCount "102"]
[EventDate "1998.09.??"]

{9/6} 1. d4 Nf6 2. c4 e6 3. Nc3 Bb4 4. e3 c5 5. Bd3 Bxc3+ 6. bxc3 Nc6 7. Nf3 d6
8. O-O e5 9. Qc2 O-O 10. Ba3 b6 11. Rad1 Qe7 12. Be2 e4 13. Nd2 Bf5 14. Bc1 h5
15. Qa4 Na5 16. f3 exf3 17. Nxf3 Ne4 18. Qa3 Bh7 19. Qb2 h4 20. Nd2 Rae8 21.
Bd3 Ng5 22. Bxh7+ Kxh7 23. Rde1 h3 24. g3 f6 25. Qc2+ Kg8 26. Qf5 Qe6 27. Qd5
Rf7 28. e4 Rfe7 29. Rf4 Qxd5 30. cxd5 cxd4 31. cxd4 Rc7 32. Ba3 Rc2 33. Nf3 Nc4
34. Bc1 Nxf3+ 35. Rxf3 Rg2+ 36. Kh1 Rxa2 37. g4 b5 38. g5 fxg5 39. Bxg5 Rxe4
40. Ref1 Ree2 41. Rxh3 Nd2 42. Bxd2 Raxd2 43. Ra1 a5 44. Rc3 Rxh2+ 45. Kg1
Rdg2+ 46. Kf1 Ra2 47. Rxa2 Rxa2 48. Rc6 b4 49. Rxd6 b3 50. Rb6 b2 51. d6 Ra1+
0-1

[Event "Michigan Open"]
[Site "Flint, MI"]
[Date "1998.??.??"]
[Round "?"]
[White "Aldrich, Jeff"]
[Black "McCarter, Robert"]
[Result "1-0"]
[WhiteElo "2010"]
[BlackElo "1630"]
[PlyCount "75"]
[EventDate "1998.09.??"]

{9/5} 1. d4 d5 2. c4 e6 3. Nc3 Be7 4. Nf3 Nf6 5. Bg5 h6 6. Bh4 O-O 7. e3 b6 8.
cxd5 Nxd5 9. Nxd5 Bxh4 10. Nxh4 Qxd5 11. Bd3 Bb7 12. O-O Rd8 13. b3 c5 14. Bc4
Qg5 15. Nf3 Qf6 16. Ne5 cxd4 17. exd4 Nc6 18. Nxc6 Bxc6 19. Qe2 Rxd4 20. Rac1
Rad8 21. Rfd1 Qg5 22. f3 Rd2 23. Rxd2 Rxd2 24. Qf1 Qe3+ 25. Kh1 Rxa2 26. Bd3
Bb7 27. Rc7 Ba6 28. Bxa6 Rxa6 29. h3 Ra3 30. Qb1 g6 31. Rc8+ Kh7 32. Qb2 Qe1+
33. Kh2 g5 34. Qh8+ Kg6 35. Rg8+ Kf5 36. Qh7+ Kf4 37. Qxf7+ Ke3 38. Rc8 $138
1-0

[Event "Michigan Masters/Experts"]
[Site "Grand Rapids, MI"]
[Date "1998.??.??"]
[Round "?"]
[White "Aldrich, Jeff"]
[Black "Fuller, William"]
[Result "0-1"]
[WhiteElo "2020"]
[BlackElo "2100"]
[PlyCount "82"]
[EventDate "1998.01.??"]

1. d4 Nf6 2. c4 c5 3. d5 g6 4. Nc3 Bg7 5. e4 d6 6. f3 Na6 7. Be3 e6 8. Qd2 Nc7
9. Be2 O-O 10. g4 exd5 11. cxd5 Re8 12. h4 a6 13. h5 b5 14. hxg6 fxg6 15. Bh6
Bh8 16. Nh3 c4 17. Nf4 Nd7 18. Bd1 Ne5 19. Qh2 Qd7 20. Be2 b4 21. Nd1 Qf7 22.
Rc1 Nb5 23. Qf2 c3 24. bxc3 Nxc3 25. Nxc3 bxc3 26. Qh4 Rb8 27. O-O Rb2 28. Rxc3
Bf6 29. Bg5 Bxg5 30. Qxg5 Rf8 31. Ne6 Bxe6 32. dxe6 Qxe6 33. f4 h6 34. Qxh6
Rxe2 35. f5 Qe7 36. fxg6 Nd7 37. Rxf8+ Nxf8 38. Rc8 Qg7 39. Rxf8+ Kxf8 40. Qf4+
Kg8 41. Qc1 Qd4+ 0-1

[Event "Kalamazoo Mini-Swiss.2"]
[Site "Kalamazoo, MI"]
[Date "1998.??.??"]
[Round "?"]
[White "Alder, S."]
[Black "Griffin, John"]
[Result "0-1"]
[WhiteElo "1605"]
[BlackElo "1605"]
[PlyCount "74"]
[EventDate "1998.??.??"]

1. e4 c5 2. Nf3 Nc6 3. d4 cxd4 4. Nxd4 Nf6 5. Nc3 e5 6. Nb3 Bb4 7. Bd2 O-O 8.
Bd3 Bxc3 9. Bxc3 d5 10. exd5 Nxd5 11. Qh5 g6 12. Qh6 Nxc3 13. bxc3 Qf6 14. O-O
Qg7 15. Qd2 b6 16. Be4 Bb7 17. Qd7 Rab8 18. Bxc6 Rfd8 19. Qxb7 Rxb7 20. Bxb7 f6
21. Ba6 Qc7 22. c4 Kf7 23. Nc1 Rd2 24. c3 Rc2 25. Rd1 f5 26. Bb5 Kf6 27. Rd7
Qc5 28. Nd3 Qa3 29. Nb4 Rb2 30. Nd5+ Kg5 31. h4+ Kxh4 32. g3+ Kg5 33. Rxh7 Qc5
34. Ne3 f4 35. Rd1 fxe3 36. Rd5 exf2+ 37. Kh2 f1=Q+ 0-1